German Translations - Countries #1 - Statistics

General Stats
  • This quiz has been taken 1,413 times
  • The average score is 15 of 15
Answer Stats
Hint Answer % Correct
Zentralafrikanische Republik Central African Republic
100%
Slowakei Slovakia
100%
Österreich Austria
99%
Kuba Cuba
99%
Dschibuti Djibouti
99%
Irak Iraq
99%
Kirgisistan Kyrgyzstan
99%
Neuseeland New Zealand
99%
Russland Russia
99%
Seychellen Seychelles
99%
Salomonen Solomon Islands
99%
Schweden Sweden
99%
Jemen Yemen
99%
Sambia Zambia
99%
Schweiz Switzerland
97%
No matching quizzes found
Score Distribution
Percent of People with Each Score
Percentile by Number Answered
Your Score History
You have not taken this quiz